000 00827nam a2200229 a 4500
001 BRCA_126
005 20190320202906.0
008 910720s1987 mx-a---##b---f000-0#spa-#
020 _a9683204198
040 _aDLC
_cDLC
_dDLC
050 4 _aF1386
_b.G85 1987
245 1 0 _aGuía oficial
_bcentro de la Ciudad de México
_cpresentación Elena Horz de Vía ; introducción Elisa Vargas Lugo.
260 _aMéxico
_bCentro Cultural Camino Real : INAH : Salvat
_c1987
300 _a209 p.
_bil. a color
_c23 cm.
500 _aIncluye glosario y un plano turístico del Centro de la Ciudad de México
504 _aBibliografía: p. 212
651 4 _aMéxico
_vGuías
_xCentro Histórico
_9497
651 4 _aMéxico
_vGuías
_xViajes
_9498
700 1 _aHorz de Vía, Elena
_9499
700 1 _aVargas Lugo, Elisa
_9500
942 _2lcc
_cB
999 _c109
_d109